00975cam a2200289 a 450000100090000000300040000900500170001300800410003001000170007102000150008802000310010304000130013405000190014708200150016610000180018124500520019925000260025126000390027730000780031650000200039453800780041465000160049290600450050894200120055399900150056595201050058012958465OSt20170105101202.0021004s2003 maua 001 0 eng  a 2002514513 a0205377750 a0205377750 (computer disc) aDLCcDLC00aP90b.V53 200304a302.232211 aVivian, John.14aThe media of mass communication /cJohn Vivian. a6th ed., 2003 update. aBoston :bAllyn and Bacon,cc2003. axxv, 510 p. :bcol. ill. ;c26 cm. +e1 computer optical disc (4 3/4 in.) aIncludes index. aSystem requirements for accompanying computer disc: Windows and Macintosh 0aMass media. a7bcbccorigcopd2encipf20gy-gencatlg 2ddccBK c2825d2825 00102ddc40708NFICaCLbCLcGENd2016-03-21l0o302.23 VIVpS3H-N-176r2016-03-21w2016-03-21yBK